ბათუმის შოთა რუსთაველის სახელმწიფო უნივერსიტეტის ბიბლიოთეკა

Theory of Electromagnetic Wave Propagation (ბიბ.ჩანაწერი № 54346)

000 -LEADER
fixed length control field 00762nam a2200253Ia 4500
001 - CONTROL NUMBER
control field 21402
003 - CONTROL NUMBER IDENTIFIER
control field GE_BSU
005 - DATE AND TIME OF LATEST TRANSACTION
control field 20210528141059.0
008 - FIXED-LENGTH DATA ELEMENTS--GENERAL INFORMATION
fixed length control field 181216s1988||||enk|||||||||||||| ||eng||
020 ## - INTERNATIONAL STANDARD BOOK NUMBER
International Standard Book Number 9780486656786
040 ## - CATALOGING SOURCE
Transcribing agency GE_BSU
041 ## - LANGUAGE CODE
Language code of text/sound track or separate title eng
080 ## - UNIVERSAL DECIMAL CLASSIFICATION NUMBER
Universal Decimal Classification number 537.8 P-23
100 ## - MAIN ENTRY--PERSONAL NAME
Personal name Papas, Charles Herach
9 (RLIN) 11910
245 ## - TITLE STATEMENT
Title Theory of Electromagnetic Wave Propagation
Statement of responsibility, etc. Charles Herach Papas.
264 ## - PRODUCTION, PUBLICATION, DISTRIBUTION, MANUFACTURE, AND COPYRIGHT NOTICE
Place of production, publication, distribution, manufacture New York :
Name of producer, publisher, distributor, manufacturer Dover Publications,
Date of production, publication, distribution, manufacture, or copyright notice 1988.
300 ## - PHYSICAL DESCRIPTION
Extent 244 p.;
Other physical details ill. ,
Dimensions 22 cm.
500 ## - GENERAL NOTE
General note Bibl.:p. 245., Index.: p. 243-244
653 ## - INDEX TERM--UNCONTROLLED
keyword Theory of Electromagnetic Wave Propagation
653 ## - INDEX TERM--UNCONTROLLED
keyword Физика
653 ## - INDEX TERM--UNCONTROLLED
keyword ფიზიკა
653 ## - INDEX TERM--UNCONTROLLED
keyword ელექტრომაგნეტიზმი
942 ## - ADDED ENTRY ELEMENTS (KOHA)
Koha item type წიგნი
Source of classification or shelving scheme
ეგზემპლარები
Withdrawn status Lost status Source of classification or shelving scheme Damaged status Not for loan Permanent Location Current Location Shelving location Date acquired Cost, normal purchase price Full call number Barcode Date last seen Copy number Price effective from Koha item type Public note
          ბათუმის შოთა რუსთაველის სახელმწიფო უნივერსიტეტის მთავარი ბიბლიოთეკა ბათუმის შოთა რუსთაველის სახელმწიფო უნივერსიტეტის მთავარი ბიბლიოთეკა წიგნსაცავი 2018-12-17 40.00 537.8 P-23 55365 2018-12-17 55365 2018-12-17 წიგნი 40 ლ.